Quiz sur Cuba - Statistiques

Statistiques générales
  • Ce quiz a été pris 10 397 fois
  • Le résultat moyen est 13 sur 20
Statistiques - réponses
Question Réponse % Correct
Langue officielle Espagnol
98%
Capitale La Havane
96%
Révolutionnaire argentin qui s'est battu pendant la révolution cubaine Che Guevara
86%
Idéologie suivie par Cuba Communisme
86%
Mer qui borde Cuba au sud Mer des Caraïbes
85%
Chef de la révolution cubaine Fidel Castro
81%
Devise monétaire Peso
77%
Ce qui fut aboli en 1886 Esclavage
76%
Cocktail cubain à base de rhum, de citron vert et de menthe Mojito
75%
Lieu d'un débarquement raté par les États-Unis 1961 Baie des {Cochons}
74%
Crise à Cuba durant la guerre froide, en 1962 Crise des {Missiles}
70%
Golfe qui borde Cuba au nord-ouest Golfe du Mexique
66%
Le rhum provient de cette plante Canne à sucre
62%
On les appelle habano s'ils proviennent de Cuba Cigares
59%
Sport le plus populaire Baseball
55%
Cuba fait partie de ce groupe d'îles avec Hispaniola et la Jamaïque Grandes {Antilles}
53%
Base navale américaine à Cuba Guantánamo
50%
Danse cubaine proche de la salsa M{ambo}
34%
Dictateur déchu en 1959 Fulgencio {Batista}
29%
Deuxième plus grande ville Santiago de Cuba
23%
Aucun quiz correspondant
Distribution des résultats
% des personnes avec chaque résultat
Percentile par nombre de réponses
Votre historique - résultats
Vous n’avez pas pris ce quiz